Bibliography on education of the Negro comprising publications from January, 1928 to December, 1930. / (Record no. 21159)

MARC details
000 -LEADER
fixed length control field 00997cam a22002291i 4500
001 - CONTROL NUMBER
control field e 31000902
003 - CONTROL NUMBER IDENTIFIER
control field DLC
005 - DATE AND TIME OF LATEST TRANSACTION
control field 20260227111221.0
008 - FIXED-LENGTH DATA ELEMENTS--GENERAL INFORMATION
fixed length control field 791220s1931 dcu 000 0 eng
010 ## - LIBRARY OF CONGRESS CONTROL NUMBER
LC control number e 31000902
035 ## - SYSTEM CONTROL NUMBER
System control number (OCoLC)5815901
040 ## - CATALOGING SOURCE
Original cataloging agency DLC
Transcribing agency PLhS
Modifying agency DLC
050 00 - LIBRARY OF CONGRESS CALL NUMBER
Classification number Z1361.N39
Item number C2
100 1# - MAIN ENTRY--PERSONAL NAME
Personal name Caliver, Ambrose,
Dates associated with a name 1894-1962.
245 10 - TITLE STATEMENT
Title Bibliography on education of the Negro comprising publications from January, 1928 to December, 1930. /
Statement of responsibility, etc. Compiled by Ambrose Caliver, specialist in the education of Negroes, and others.
260 ## - PUBLICATION, DISTRIBUTION, ETC.
Place of publication, distribution, etc. Washington :
Name of publisher, distributor, etc. U.S. Govt. Print. Off.,
Date of publication, distribution, etc. 1931.
300 ## - PHYSICAL DESCRIPTION
Extent iii, 34 p. ;
Dimensions 23 cm.
490 0# - SERIES STATEMENT
Series statement U.S. Office of education. Bulletin, 1931,
Volume/sequential designation no. 17
500 ## - GENERAL NOTE
General note At head of title: United States. Department of the interior. Ray Lyman Wilbur, secretary. Office of education. William John Cooper, commissioner.
500 ## - GENERAL NOTE
General note Classified, with author and subject index.
650 #0 - SUBJECT ADDED ENTRY--TOPICAL TERM
Topical term or geographic name entry element African Americans
General subdivision Education
Form subdivision Bibliography.

No items available.

Powered by Koha